| 000 | 00916cam a22002055a 4500 | ||
|---|---|---|---|
| 001 | L140915 | ||
| 008 | 071017s1921 xxk eng u | ||
| 035 | _a(Sirsi) u140915 | ||
| 041 | 0 | _aeng | |
| 110 | 2 |
_aJackson Stops _95412 |
|
| 245 | 0 | 4 |
_aThe Ducal Estate of Stowe... _bMessrs. Jackson Stops will sell by auction at Stowe House on Monday July 4th 1921 at 1 o'clock the freehold of the historic mansion and estate...on the eighteen days following (from July 5th to July 28th excluding Saturdays at 11 o'clock precisely each day) will be sold the contents of the mansion... |
| 260 |
_aS.l. _bs.n. _c[1921] |
||
| 300 |
_a232 p. _bill., map, col. plans _c38 cm. |
||
| 340 | _aPrinted | ||
| 351 | _cSingle item | ||
| 500 | _aThe Library's copy of the catalogue is no. 399. | ||
| 651 | 4 | _aBuckinghamshire | |
| 690 | _aPROPERTY-PROPERTY ACQUISITION AND DISPOSAL-ACQUISITION AND DISPOSAL AT AUCTION | ||
| 942 | _n0 | ||
| 999 |
_c116530 _d116530 |
||